| 000 | 01273nam a2200313 4500 | ||
|---|---|---|---|
| 001 | 3943351 | ||
| 005 | 20150414092938.0 | ||
| 008 | 000 | ||
| 010 | _a 93033950 | ||
| 020 | _a0412496305 | ||
| 040 |
_aUOEL _cDLC _dDLC |
||
| 050 | 0 | 0 |
_aTP873.5.D5 _bT47 1994 |
| 082 | 0 | 0 |
_a666.88 _220 |
| 245 | 0 | 0 |
_aThin film diamond / _cedited by A. Lettington and J.W. Steeds. |
| 250 | _a1st ed. | ||
| 260 |
_aLondon ; _aNew York : _bPublished by Chapman & Hall for the Royal Society, _c1994. |
||
| 300 |
_aviii, 157 p. : _bill. ; _c25 cm. |
||
| 504 | _aIncludes bibliographical references and index. | ||
| 650 | 0 |
_aDiamonds, Artificial. _xElectrical engineering, Electronics. Nuclear engineering |
|
| 650 | 0 | _aDiamond thin films. | |
| 700 | 1 | _aLettington, Alan H. | |
| 700 | 1 |
_aSteeds, J. W. _q(John Wickham) |
|
| 710 | 2 | _aRoyal Society (Great Britain) | |
| 856 | 4 | 2 |
_3Publisher description _uhttp://www.loc.gov/catdir/enhancements/fy1006/93033950-d.html |
| 856 | 4 | 1 |
_3Table of contents only _uhttp://www.loc.gov/catdir/enhancements/fy1006/93033950-t.html |
| 906 |
_a7 _bcbc _corignew _d1 _eocip _f19 _gy-gencatlg |
||
| 942 |
_2lcc _cLL |
||
| 999 |
_c4794 _d4794 |
||